| 000 | 00570nas a2200229Ia 4500 | ||
|---|---|---|---|
| 001 | A10/R132-41590 | ||
| 003 | IT-MiCISF | ||
| 005 | 20260427153637.0 | ||
| 008 | 161014c99999999xx |||||||||||| ||und|| | ||
| 040 |
_aIT-MiCISF _cIT-MiCISF |
||
| 041 | _ait | ||
| 100 |
_aSerra Angelo _959506 |
||
| 245 | 0 | _aIl "figlio" della Fivet | |
| 250 | _a"Dialoghi", n. 3, settembre | ||
| 260 | _c2005 | ||
| 300 | _app. 50-57 | ||
| 500 | _a procreazione-artificiale, bioetica | ||
| 650 |
_aProcreazione _956309 |
||
| 654 | _aarticolo | ||
| 942 |
_cCR _2ddc |
||
| 999 |
_c220079 _d220079 |
||
| 999 | _bSi | ||